000 01098nam0a2200313 4500
001 RU\NLR\bibl\23268
005 20260406155847.0
010 _a5-900411-51-6
010 _a5-237-01364-3
_930000
021 _aRU
_b99-5666
_9267
035 _a(NLR Aleph) 000022669
090 _a106107
_c106107
100 _a19990420d1999 |||y0rusy50 ca
101 1 _arus
_ceng
102 _aRU
105 _aa |||||||||
200 1 _aОранжевая книга сказок
_e[Для мл. и сред. шк. возраста
_fПер. с англ. яз. и сост. Г.П. Шалаевой]
210 _aМ.
_cФилолог. о-во "Слово"
_cАСТ
_d1999
215 _a463 с.
_cцв. ил.
_d27
686 _aШ9(0)4-2я43
702 1 _4220
_7ca
_8rus
_aШалаева
_bГ. П.
_f1952-
_gГалина Петровна
_9117893
_3RU\NLR\auth\777972
801 0 _aRU
_bNLR
_c19990420
_gPSBO
801 1 _aRU
_bNLR
_c19990420
852 _aNLR
_j99-7/296
942 _cBOOK
980 _aNB